000 00457nam a2200181Ia 4500
001 19921
005 20260306172728.0
008 260306t2005||||xx |||||||||||||| ||spa||
041 _aESP
082 _a341.4
_bP86
100 _aPrieto Sanchís, Luis
_eAUT
245 0 _aInterpretación jurídica y creación judicial del derecho
260 _c2005
300 _a295 páginas :
_c20 cm.
650 _aGEN
654 _aCDE
942 _cLIB
_dJUS
_fJUS
_2ddc
_n
999 _c19921
_d19921